000 00836cam a2200253 4500
001 WB3542-06
008 000000n1999 000 0 eng u
035 _a(Sirsi) u100861
245 _aArlington eyes internet service
260 _c1999
490 _aEstates Gazette
_v(9942) 23 October 1999, 41(1)
520 _aArlington, a business space provider, may become an internet service provider as part of a plan to offer occupiers a selection of business support services, such as IT support and Human resources, over the internet.
590 _aWB
650 _aINTERNET
650 _aINTERNET SERVICES
650 _aBUSINESS SERVICES
650 _aOCCUPIERS
650 _aARLINGTON
650 _aHUMAN RESOURCES
650 _aPAYROLL
650 _aIT SUPPORT
690 _aPROPERTY-COMMERCIAL PROPERTY
942 _n0
999 _c60243
_d60243